00448nam a22001697a 4500003001100000005001700011008004100028020001500069040003900084041000800123082001500131100002600146245003600172260003700208300001100245650002200256LK-CoMWRAF20231102131802.0231006b1989 |||||||| |||| 00| 0 eng d a0907461603 aLK-CoMWRAFdLK-CoMWRAFeLK-CoMWRAF aeng a340.5bDOI aDoi, Abdul Rahaman I. aWoman in shari'ah (Islamic Law) aLondon:bTa-Ha publishers,c1989 a199 p. aISLAMIC LAW-Women